000 00587nam a2200241Ia 4500
003 OSt
005 20220928140617.0
006 a|||||r|||| 00| 0
007 ta
008 220927b |||||||| |||| 00| 0 eng d
024 _a9938
037 _cTextual
040 _aSDCL
_cSDCL
_beng
041 _2eng
_aeng
082 _aG:68:f3, N3
100 _aKeller George
_9496233
245 0 _aDna probes .
250 _a2
260 _c1993
700 _a Manak Mark M
_9496234
942 _hG:68:f3, N3
_cTEXL
_2CC
999 _c812531
_d812531